| 000 | 02430nam a2200601 i 4500 | ||
|---|---|---|---|
| 001 | 25769 | ||
| 003 | KOSZ 005 | ||
| 005 | 20210430150039.0 | ||
| 008 | 200715s1974 pl a f 001 0 pol | ||
| 015 | _aUWD 1974/968 | ||
| 035 | _a991028198049705066 | ||
| 035 | _a(PL-WaBN)b1763541x-48omnis_nlop | ||
| 035 | _ab1763541x | ||
| 035 | _a(OCoLC)69562069 | ||
| 035 | _a(PL)b0000001763541 | ||
| 035 | _a(EXLNZ-48OMNIS_NETWORK)9910333479505606 | ||
| 040 |
_aWA N _cWA N _dKOSZ 005/RW |
||
| 041 | 1 |
_apol _heng |
|
| 046 | _k1971 | ||
| 080 | _a621.37/.38 | ||
| 080 | _a(07) | ||
| 100 | 1 |
_aLurch, E. Norman _eAutor |
|
| 245 | 1 | 0 |
_aPodstawy techniki elektronicznej / _cE. Norman Lurch ; przekład zbiorowy [z angielskiego] pod redakcją Janusza Majchra, [Tadeusz Domański et al.]. |
| 246 | 1 |
_iTytuł oryginału: _aFundamentals of electronics, _f1971 |
|
| 250 |
_aWyd. 2 zm. _bprzekł. zbiorowy pod red. Janusza Majchra, [Tadeusz Domański et al.]. |
||
| 260 |
_aWarszawa : _bPaństwowe Wydawnictwo Naukowe, _c1974. |
||
| 300 |
_a709, [2] stron : _bilustracje, wykresy ; _c25 cm. |
||
| 336 |
_aTekst _btxt _2rdacontent |
||
| 337 |
_aBez urządzenia pośredniczącego _bn _2rdamedia |
||
| 338 |
_aWolumin _bnc _2rdacarrier |
||
| 380 | _aKsiążki | ||
| 380 | _aPublikacje fachowe | ||
| 380 | _aPublikacje dydaktyczne | ||
| 388 | 1 | _a1901-2000 | |
| 388 | 1 | _a1945-1989 | |
| 504 | _aBibliografia na stronie [699]. Indeks. | ||
| 521 | 8 | _aKsiążka przeznaczona jest dla studentów wydziałów nieelektronicznych politechnik, dla inżynierów nieelektroników oraz dla tych techników wszystkich specjalności, dla których wiadomości z elektroniki mogą być przydatne. | |
| 650 | 7 |
_aElektronika _2DBN |
|
| 650 | 7 | _aProstowniki | |
| 650 | 7 | _aWzmacniacz | |
| 655 | 7 |
_aPodręcznik _2DBN |
|
| 658 | _aInżynieria i technika | ||
| 700 | 1 |
_aDomański, Tadeusz _c(fizyk) _eTłumaczenie |
|
| 700 | 1 |
_aEbert, Jan _eTłumaczenie |
|
| 700 | 1 |
_aGwiazdowski, Michał _eTłumaczenie |
|
| 700 | 1 |
_aMajcher, Janusz _eTłumaczenie |
|
| 700 | 1 |
_aSosnowski, Andrzej _eTłumaczenie |
|
| 700 | 1 |
_aStępień, Grzegorz _eTłumaczenie |
|
| 710 | 2 |
_aPaństwowe Wydawnictwo Naukowe _4pbl |
|
| 856 |
_uhttp://koha.tu.koszalin.pl/cgi-bin/koha/opac-detail.pl?biblionumber=25769 _yKatalog online BPK |
||
| 942 |
_2UKD _cKS |
||
| 999 |
_c25769 _d25769 |
||